| 000 | 004720000a22001810004500 | ||
|---|---|---|---|
| 003 | MACL | ||
| 005 | 20151011160429.0 | ||
| 008 | 151011b xxu||||| |||| 00| 0 eng d | ||
| 040 |
_aMACL _cMACL |
||
| 041 | _aEnglish | ||
| 082 | _a920/HUS | ||
| 100 |
_aHussain, Wasbir _911686 |
||
| 245 |
_aLife and times _bStory of an Assamese Tea Baron |
||
| 260 |
_bSpectrum Publications _c2007 _aNew Delhi |
||
| 350 | _a495 | ||
| 650 |
_aBiography _914421 |
||
| 942 |
_cBK _k920/HUS _2ddc |
||
| 999 |
_c42301 _d42301 |
||